000 00262nam a22001217a 4500
082 _a823
_bKUD/S
100 _aKUDAKAHIREL, THOMAS
245 _aTHE STOLEN PRIZE
260 _aBOMBAY
_bPAULINE
_c1995
300 _a38
650 _aENGLISH STORY
_zINDIA
942 _cBK
999 _c7365
_d7365